[Event "GER-chT U14 Girls"]
[Site "Dittrichshuette"]
[Date "2005.12.29"]
[Round "6.3"]
[White "Stoll, Vanessa"]
[Black "Peng, Yimeh Stella"]
[Result "1-0"]
[WhiteElo "882"]
[BlackElo "1009"]
[PlyCount "87"]
[EventDate "2005.12.27"]
[EventType "team-swiss"]
[EventRounds "6"]
[EventCountry "GER"]
[SourceTitle "CBM 110 Extra"]
[Source "ChessBase"]
[SourceDate "2006.03.10"]
[SourceVersion "2"]
[SourceVersionDate "2006.03.10"]
[SourceQuality "1"]
[WhiteTeam "Stadtilm Blau Weiss U14 Girls II"]
[BlackTeam "Kronach U14 Girls"]
[WhiteTeamCountry "GER"]
[BlackTeamCountry "GER"]

1. e4 e5 2. Nf3 Nc6 3. Bc4 Nf6 4. d3 h6 5. 0-0 Bc5 6. c3 d6 7. h3 0-0 8. Bb3 b5 9. Bc2 Nh7 10. Re1 Qf6 11. Nbd2 Qg6 12. Kh1 Bxf2 13. Rf1 Bh4 14. Nxh4 Qg5 15. Ndf3 Qe7 16. Be3 Be6 17. Bf2 Rfd8 18. d4 exd4 19. cxd4 d5 20. e5 a5 21. Qd3 Nf8 22. a3 Rdb8 23. Be1 b4 24. Nf5 Qd7 25. N3h4 Ne7 26. Qg3 Nxf5 27. Nxf5 Bxf5 28. Bxf5 Qe7 29. Bd2 Kh8 30. Rf4 Nh7 31. Rh4 Rg8 32. Rf1 f6 33. Rh5 fxe5 34. dxe5 Raf8 35. Qg6 Rxf5 36. Rfxf5 Rf8 37. Kg1 Qc5+ 38. Kh2 bxa3 39. bxa3 Qxa3 40. e6 Qe7 41. Rf7 Rxf7 42. exf7 Nf8 43. Rxh6+ gxh6 44. Qg8# 1-0

[Event "GER-chT U14 Girls"]
[Site "Dittrichshuette"]
[Date "2005.12.28"]
[Round "3.3"]
[White "Peng, Yimeh Stella"]
[Black "Suarez, Daniela"]
[Result "0-1"]
[WhiteElo "1009"]
[BlackElo "1177"]
[PlyCount "62"]
[EventDate "2005.12.27"]
[EventType "team-swiss"]
[EventRounds "6"]
[EventCountry "GER"]
[SourceTitle "CBM 110 Extra"]
[Source "ChessBase"]
[SourceDate "2006.03.10"]
[SourceVersion "2"]
[SourceVersionDate "2006.03.10"]
[SourceQuality "1"]
[WhiteTeam "Kronach U14 Girls"]
[BlackTeam "Porz SG U14 Girls"]
[WhiteTeamCountry "GER"]
[BlackTeamCountry "GER"]

1. e4 e5 2. Nf3 Nc6 3. Bc4 Bc5 4. Nc3 Nf6 5. d3 d6 6. 0-0 Bg4 7. Be3 Bb6 8. h3 Bh5 9. Bg5 h6 10. Bh4 g5 11. Bg3 Nd4 12. Re1 Bxf3 13. gxf3 Qd7 14. Kg2 Nh5 15. Ne2 Rg8 16. c3 Ne6 17. Kh2 Nhf4 18. Nxf4 exf4 19. d4 0-0-0 20. Qb3 fxg3+ 21. fxg3 Rgf8 22. e5 d5 23. Bb5 c6 24. Bd3 Ng7 25. Qc2 Rde8 26. Rg1 f6 27. Rge1 fxe5 28. dxe5 Rxf3 29. Be2 Rf2+ 30. Kh1 Qxh3+ 31. Kg1 Qg2# 0-1